000 00527nam a2200205Ia 4500
005 20250326141610.0
008 250326s9999 xx 000 0 und d
020 _a81-7100-254-4
037 _aTextbook
040 _aFMSL
_beng
_cFMSL
041 _aeng
_2eng
084 _aX:8 N0
_qFMSL
100 _aGoel S L
245 0 _aModern management techniques
_cGoel S L
250 _a2
260 _aNew Delhi
_bNew Delhi, Deep & Deep
_c1990
300 _a622p
942 _cTB
_hX:8 N0
999 _c1291081
_d1291081